1558 1639 1752 1167 1218 1716 1899 1078 1525 1221 1677 1379 1057 1537 1105 1926 1989 1999 1857 1739 1430 1602 1154 1996 1670 1537 1919 1565 1782 1317 1811 1551 1807 1540 1714 1738 1733 1473 1019 1566 1685 1036 1019 1579 1704 1688 1137 1313 1788 1607 1130 1646 1684 1750 1588 1394 1418 1877 1032 1237 1351 1249 1164 1433 1415 1454 1384 1408 1219 1773 1473 1081 1597 1327 1414 1365 1491 1255 1177 1607 1728 1137 1160 1181 1703 1188 1120 1065 1227 1348 1959 1407 1328 1104 1350 1097 1773 1190 1779 BCNSPRNW ULIB Ver.6.0+V

เปลี่ยนเป็นภาษาไทย

Change to English
 แสดงรายละเอียดบรรณานุกรม
  กลับหน้าหลัก

Brief Record : Get Marc (ISO 2709) : E-mail record : QR code < ปิดหน้าต่าง
LEADER : 00000nam 2200000uu 4500
001    13399113922
003     ULIB
008    120113s2553||||th 000 0 tha d
020    ^a9741334087
050  4 ^aPL4165^bพ755ค
100 0  ^aพิศศรี กมลเวชช
245 10 ^aครบครันเรื่องวรรณยุกต์ /^cพิศศรี กมลเวชช
250    ^aพิมพ์ครั้งที่ 7
260    ^aกรุงเทพฯ :^bหอรัตนชัยการพิมพ์,^c2553
300    ^aก-ง , 104 หน้า ;^c21 ซม.
650  4 ^aภาษาไทย^xการออกเสียง
650  4 ^aภาษาไทย^xวรรณยุกต์
650  4 ^aภาษาไทย^xสัทธศาสตร์
945    ^p0^l0^i18651
995    ^aเกษร
999    ^aใช้งานได้ทุกระบบ
รายการนี้ยังไม่มีแท็ก
คุณยังไม่ได้ล็อกอิน คุณสามารถมีกิจกรรมร่วมกับเว็บไซต์ได้ แต่ต้องล็อกอินก่อน ::
  ล็อกอิน

รายการสื่อสารสนเทศ

ลำดับที่ ประเภท เลขเรียก/บาร์โค้ด สถานที่ สถานะ
1. วิทยาศาสตร์การแพทย์ และสุขภาพ
วิทยาศาสตร์การแพทย์ และสุขภาพ
PL4165 พ755ค  
  Barcode: 18651
ห้องสมุดวิทยาเขตสวรรค์ประชารักษ์
►นวนิยาย
บนชั้น
  ขอยืม

รายการใกล้เคียง
    ผู้แต่ง [พิศศรี กมลเวชช]

BibComment


ยังไม่เคยถูกคอมเมนท์

คอมเมนท์ทรัพยากรรายการนี้
  คอมเมนท์: ครบครันเรื่องวรร..


 Copyright 2026. Bcnsprnw @Library